Manažment nákupných rizík v priemyselných podnikoch: Prehľadový článok

Účelom tohto článku je poskytnúť literárny prehľad v oblasti manažmentu nákupných rizík v priemyselných podnikoch od roku 2003 do roku 2023. Článok okrem definície nákupných rizík a ich manažmentu prináša pohľad viacerých autorov na delenie rizík súvisiacich s nákupom materiálových vstupov výrobných...

Descrizione completa

Salvato in:
Dettagli Bibliografici
Autore principale: Pajonk, Peter, 1987-
Natura: Capitolo di libro
Lingua:slovacco
Soggetti:
Tags: Aggiungi Tag
Nessun Tag, puoi essere il primo ad aggiungerne!!

MARC

LEADER 00000naa$a2200000$$$4500
001 0299608
005 20251113085011.1
041 0 |a slo 
044 |a SK 
245 1 0 |a Manažment nákupných rizík v priemyselných podnikoch: Prehľadový článok  |c Peter Pajonk 
520 |a Účelom tohto článku je poskytnúť literárny prehľad v oblasti manažmentu nákupných rizík v priemyselných podnikoch od roku 2003 do roku 2023. Článok okrem definície nákupných rizík a ich manažmentu prináša pohľad viacerých autorov na delenie rizík súvisiacich s nákupom materiálových vstupov výrobných podnikov podľa rôznych kritérií. Rozdeľuje riziká do dvoch skupín podľa toho, či sa týkajú celého obstarávacieho procesu alebo samotnej nákupnej transakcie. Autor prináša prehľad viacerých stratégií a konkrétnych nástrojov nákupu na zníženie úrovne rizík a ich dopadov. 
610 2 0 |a podnik priemyselný 
610 2 0 |a nákup 
610 2 0 |a riziko 
610 2 0 |a manažment 
610 2 0 |a vstupy 
610 2 0 |a materiál 
100 1 |a Pajonk, Peter, 1987-